000 00273nam a22001217a 4500
003 SGT
082 _a616.995
_bL14S
100 _aSHARMA,OM
245 _aLESIONE OF SARCOIDOSIS A PROBLEM SOLVING APPROACH
260 _aINDIA
_bJAYPEE
_c2014
300 _a187
942 _2ddc
_cBK
999 _c14328
_d14328